[Event "CZE-ch U14 Girls"]
[Site "Kouty nad Desnou"]
[Date "2017.03.17"]
[Round "8"]
[White "Dvorakova, Olga"]
[Black "Saskova, Renata"]
[Result "1-0"]
[WhiteElo "1631"]
[BlackElo "1100"]
[PlyCount "119"]
[EventDate "2017.03.11"]
[EventType "swiss"]
[EventRounds "9"]
[EventCountry "CZE"]
[SourceTitle "CBM 177 Extra"]
[Source "ChessBase"]
[SourceDate "2017.04.27"]
[SourceVersion "1"]
[SourceVersionDate "2017.04.27"]
[SourceQuality "1"]

1. d4 d5 2. c4 c6 3. Nc3 Nf6 4. Nf3 e6 5. e3 Nbd7 6. cxd5 cxd5 7. Bd3 Be7 8. 0-0 0-0 9. b3 b6 10. Ne5 Bb7 11. f4 Rc8 12. Bb2 Nxe5 13. fxe5 Ne4 14. Nxe4 dxe4 15. Bc4 Qd7 16. Qe2 f6 17. exf6 Bxf6 18. Ba3 Rf7 19. Rac1 Bd5 20. Rc2 Be7 21. Rxf7 Kxf7 22. Qf1+ Bf6 23. Qc1 Bxc4 24. bxc4 Kg8 25. Qb1 Qf7 26. Rc1 Qg6 27. Qb4 Rd8 28. Rf1 Qg5 29. Qb3 Re8 30. Bd6 h6 31. Bf4 Qg6 32. Bd6 Kh7 33. Qa4 Qf7 34. Rf4 Rc8 35. c5 bxc5 36. dxc5 Qb7 37. Qxe4+ Qxe4 38. Rxe4 Re8 39. Ra4 Be7 40. Rxa7 Bxd6 41. cxd6 Rd8 42. d7 Kg6 43. e4 Kf6 44. Kf2 Ke5 45. Ke3 Kd6 46. a4 e5 47. a5 Rxd7 48. Rxd7+ Kxd7 49. Kd3 Kc6 50. Kc4 g5 51. a6 Kb6 52. Kd5 Kxa6 53. Kxe5 Kb6 54. Kd6 Kb7 55. Kd7 Kb6 56. e5 g4 57. e6 h5 58. e7 h4 59. e8Q Kc5 60. Qe5+ 1-0

[Event "CZE-ch U14 Girls"]
[Site "Kouty nad Desnou"]
[Date "2017.03.14"]
[Round "5"]
[White "Laurincova, Kristyna"]
[Black "Dvorakova, Olga"]
[Result "1-0"]
[WhiteElo "1855"]
[BlackElo "1631"]
[PlyCount "67"]
[EventDate "2017.03.11"]
[EventType "swiss"]
[EventRounds "9"]
[EventCountry "CZE"]
[SourceTitle "CBM 177 Extra"]
[Source "ChessBase"]
[SourceDate "2017.04.27"]
[SourceVersion "1"]
[SourceVersionDate "2017.04.27"]
[SourceQuality "1"]

1. e4 c6 2. Nf3 d5 3. Nc3 dxe4 4. Nxe4 Bf5 5. Ng3 Bg6 6. h4 h6 7. Ne5 Bh7 8. Qh5 g6 9. Bc4 e6 10. Qe2 Bg7 11. Nxf7 Qe7 12. Nxh8 Bxh8 13. Qxe6 Qxe6+ 14. Bxe6 Nd7 15. c3 Ngf6 16. d4 Nb6 17. Bxh6 Ke7 18. Bb3 Bg8 19. Bxg8 Rxg8 20. Bg5 Kf7 21. Bxf6 Bxf6 22. 0-0-0 Nd5 23. Ne4 Rd8 24. Nxf6 Kxf6 25. g3 Kg7 26. Rde1 Rf8 27. f4 Kh6 28. Re6 Kh5 29. Rhe1 Rg8 30. R1e5+ Kh6 31. h5 Kh7 32. hxg6+ Rxg6 33. Rxg6 Kxg6 34. Rxd5 1-0

[Event "CZE-ch U14 Girls"]
[Site "Kouty nad Desnou"]
[Date "2017.03.13"]
[Round "3"]
[White "Koubova, Anna Marie"]
[Black "Dvorakova, Olga"]
[Result "0-1"]
[WhiteElo "1921"]
[BlackElo "1631"]
[PlyCount "102"]
[EventDate "2017.03.11"]
[EventType "swiss"]
[EventRounds "9"]
[EventCountry "CZE"]
[SourceTitle "CBM 177 Extra"]
[Source "ChessBase"]
[SourceDate "2017.04.27"]
[SourceVersion "1"]
[SourceVersionDate "2017.04.27"]
[SourceQuality "1"]

1. d4 Nf6 2. c4 e6 3. g3 Bb4+ 4. Bd2 Bxd2+ 5. Qxd2 0-0 6. Bg2 d6 7. Nf3 Nc6 8. 0-0 e5 9. Nc3 Bg4 10. d5 Ne7 11. Rac1 Nd7 12. b4 f5 13. Ng5 f4 14. h3 h6 15. Ne6 Bxe6 16. dxe6 Nb6 17. Bxb7 Nxc4 18. Qd3 Rb8 19. Ba6 Nb6 20. a4 c6 21. Qe4 Nbd5 22. Nxd5 cxd5 23. Qb1 Qb6 24. Qd3 fxg3 25. a5 gxf2+ 26. Kg2 Qxb4 27. Rc7 Rbe8 28. Bb5 e4 29. Qb1 Qxb1 30. Rxb1 Rb8 31. Rxe7 Rxb5 32. Rf1 e3 33. Rxa7 d4 34. e7 Re8 35. Kf3 Re5 36. Rd7 R8xe7 37. Rxd6 Rxa5 38. Rxd4 Ra2 39. Rd3 Ra8 40. Rc3 Rf8+ 41. Kg3 g5 42. Rd3 Kg7 43. Rc3 Kg6 44. Kg2 h5 45. Rd3 g4 46. hxg4 hxg4 47. Rd4 Kg5 48. Kg3 Rf5 49. Rxg4+ Kf6 50. Rf4 Rxf4 51. Kxf4 Re6 0-1